000 00599cam a2200229 a 4500
999 _c7373
_d7373
001 7373
003 BD - JhCC
005 20180418173448.0
008 880808s1941 enka 000 0 eng d
035 _a(BD - JhCC)7373
040 _aMNU
_cMNU
_dm.c
_dBD - JhCC
041 _aeng
082 _bRAM 1954
_a531.2
100 1 _aRamsey, A. S.
_q(Arthur Stanley),
_d1867-1954
245 1 0 _aStatics /
_cby A.S. Ramsey.
250 _a2nd ed.
260 _aCambridge :
_bUniversity Press,
_c1941.
300 _axi, 296 p. :
_bdiagrs. ;
_c23 cm.
650 0 _aStatics.
942 _2ddc
_cBK